000 00507cam a22002054a 4500
005 20250605164314.0
008 250528s ||||||||||||||||||||||||d
035 _a22605
020 _a9780201403510
040 _aGR-AtMCL
_bgre
_dGR-AtMCL
_eAACR2
245 1 _aBUSINESS ECONOMICS
250 _a1
260 _bAddison-Wesley Publishing Company,
_c1998
300 _a477
700 1 _aAtkinson Brian
_93540
700 1 _aMiller Robin
_93541
942 _cBK
999 _c7653
_d7653